| 000 | 00370nam a2200145Ia 4500 | ||
|---|---|---|---|
| 008 | 220216s9999 xx 000 0 und d | ||
| 100 | _aRader C P | ||
| 245 | 4 | _aThe recycle of plastics and rubber - a contrast | |
| 260 |
_bRubber World _c1997 |
||
| 300 | _a24-30 | ||
| 650 | _aPlastics recycling | ||
| 650 | _aRubber recycling | ||
| 700 | _aLemieux M A | ||
| 942 | _cJS | ||
| 999 |
_c70954 _d70954 |
||